| 000 | 00485nam a2200193 a 4500 | ||
|---|---|---|---|
| 001 | 18362 | ||
| 005 | 20180713211634.0 | ||
| 008 | 140415s1966 000 0 spa d | ||
| 020 | _a9682500125 | ||
| 041 | _aspa | ||
| 082 |
_a610.73 _bPRI |
||
| 100 | 1 | _aPRICE, ALICE L. | |
| 245 | 1 | 0 | _aTRATADO DE ENFERMERIA |
| 250 | _a3a ed. | ||
| 260 |
_a[s.l.] : _bINTERAMERICANA, _c1966 |
||
| 300 | _a602 | ||
| 650 | 1 | 4 | _aENFERMERIA |
| 700 | 1 |
_aSAPIÑA RENARD, SANTIAGO _etr. |
|
| 999 |
_c18362 _d18362 |
||